| 000 | 00345nam a2200133 i 4500 | ||
|---|---|---|---|
| 001 | bg | ||
| 100 | 1 | _aLUDWIKOWSKI-RETT, R. | |
| 245 | 0 |
_aGłówne nurty polskiej myśli politycznej 1815-1890 / _cR. Ludwikowski-Rett. |
|
| 260 |
_aWarszawa, _c1982. |
||
| 040 | _cBPK | ||
| 041 | _apol | ||
| 942 | _cKS | ||
| 008 | s pl f |000 0 pol | ||
| 999 |
_c20481 _d20481 |
||
| 856 |
_uhttp://koha.tu.koszalin.pl/cgi-bin/koha/opac-detail.pl?biblionumber=20481 _yKatalog online BPK |
||